| 000 | 00965nam a2200253Ia 4500 | ||
|---|---|---|---|
| 003 | OSt | ||
| 005 | 20210525174420.0 | ||
| 008 | 210310s2013 ck ad gr 000 0 spa d | ||
| 020 | _a9789588489360 | ||
| 040 |
_aCO-JMCR _cCO-JMCR |
||
| 041 | 0 | _aspa | |
| 082 | 0 | 4 |
_a331.11 / _bO773v _223 |
| 100 | 1 |
_aOrtiz Mendes, Pedro, _eautor _926462 |
|
| 245 | 1 | 0 |
_aValoración cualitativa del capital humano en la universidad pública / _cPedro Ortiz Méndez |
| 250 | _aPrimera edición | ||
| 260 |
_aColombia : _bEco ediciones, _c2013. |
||
| 300 |
_a115 páginas : _bilustraciones y gráficas en blanco y negro ; _c23 cm. |
||
| 500 | _aDatos biográficos del autor en solapa frontal. | ||
| 504 | _aBibliografía : páginas109-112. | ||
| 505 | 0 | _aLa situación. -- Los marcos referenciales.-- Marco metodológico. -- Hallazgos de la investigación. | |
| 650 | 1 | 4 |
_aCapital humano en la universidad _937884 |
| 650 | 2 | 4 |
_aMarcos referenciales _937885 |
| 942 |
_2ddc _cBK |
||
| 999 |
_c11792 _d11792 |
||